000 00762nam a22002417a 4500
003 UA-OsUOA
001 54145
007 ta
008 20160822b un ||||| |||| 00| 0 ukr d
100 _aГнатюк О.
090 _a94(477).14
_bГ56
942 _cBK
040 _aUA-OsUOA
_bukr
_cUA-OsUOA
_dUA-OsUOA
245 _aПрощання з імперією: українські дискусії про ідентичність
300 _a525 с.
955 _a1
041 _aukr
080 _a94(477).14
260 _aК.
_bКритика
_c2005
650 7 _a9 Географія. Біографії. Історія
_2UDC
999 _c434259
_d434259